Colombia diversidad biótica XIII : (Registro nro. 8645)

Detalles MARC
000 -CABECERA
Campo de control 01371nam a22003137a 4500
005 - FECHA Y HORA DE LA ULTIMA TRANSACCION
Campo de control 20170615020002.0
008 - ELEMENTOS DE LONGITUD FIJA—INFORMACION GENERAL
Campo de control 010620m20139999ck ab frb 001 0 spa d
020 ## - ISBN
ISBN 9789587615067
041 ## - IDIOMA
Código de idioma para texto/pista de sonido o título separado Español
044 ## - PAÍS DE PUBLICACIÓN
País de publicación Colombia
082 04 - NUMERO DE CLASIFICACION DECIMAL DEWEY
Número de clasificación 574.52
Número del ítem C718c
245 00 - MENCION DE TITULO
Título Colombia diversidad biótica XIII :
Parte restante del título Complejo cenagoso Zapatosa y ciénagas del Sur del Cesar - biodiversidad, conservación y manejo :
Mención de responsabilidad editor J. Orlando Rangel Ch.
260 ## - PUBLICACION, DISTRIBUCION, ETC. (PIE DE IMPRENTA)
Lugar de publicación, distribución, etc. Bogotá
Nombre del editor, distribuidor, etc. Universidad Nacional de Colombia. Instituto de Ciencias Naturales.
Fecha de publicación, distribución, etc. 2013
300 ## - DESCRIPCION FISICA
Extensión 707 p.
Otros detalles físicos il., mapas.
Dimensiones 25 cm. +
Material acompañante 7 mapas
504 ## - NOTA DE BIBLIOGRAFIA, ETC.
Nota de bibliografía Incluye referencias bibliográficas e índices
505 ## - NOTA DE CONTENIDO
Nota de contenido Aspectos Físicos
546 ## - NOTA DE IDIOMA
Nota de idioma Con resúmenes en inglés.
650 17 - ASIENTO SECUNDARIO DE MATERIA - TERMINO TEMATICO
Término temático o nombre geográfico como elemento de entrada Diversidad biológica
Subdivisión geográfica Cesar (Dpt. Colombia).
650 17 - ASIENTO SECUNDARIO DE MATERIA - TERMINO TEMATICO
Término temático o nombre geográfico como elemento de entrada Biodiversidad
Subdivisión geográfica Cesar (Dpt. Colombia).
650 17 - ASIENTO SECUNDARIO DE MATERIA - TERMINO TEMATICO
Término temático o nombre geográfico como elemento de entrada Flora
Subdivisión geográfica Cesar (Dpt. Colombia).
650 17 - ASIENTO SECUNDARIO DE MATERIA - TERMINO TEMATICO
Término temático o nombre geográfico como elemento de entrada Fauna
Subdivisión geográfica Cesar (Dpt. Colombia).
650 17 - ASIENTO SECUNDARIO DE MATERIA - TERMINO TEMATICO
Término temático o nombre geográfico como elemento de entrada Ecología
Subdivisión geográfica Cesar (Dpt. Colombia).
650 17 - ASIENTO SECUNDARIO DE MATERIA - TERMINO TEMATICO
Término temático o nombre geográfico como elemento de entrada Batimetía
Subdivisión geográfica Región Caribe (Colombia).
650 17 - ASIENTO SECUNDARIO DE MATERIA - TERMINO TEMATICO
Término temático o nombre geográfico como elemento de entrada Limnología
Subdivisión geográfica Región Caribe (Colombia).
651 #4 - ASIENTO SECUNDARIO DE MATERIA - NOMBRE GEOGRAFICO
Nombre geográfico Colombia
Subdivisión geográfica Ciénaga Zapatosa
700 1# - ASIENTO SECUNDARIO - NOMBRE PERSONAL
Nombre personal Rangel Churio, Jesús O.
Fechas asociadas con el nombre 1950-
Término de relación ed.
710 2# - ASIENTO SECUNDARIO - NOMBRE CORPORATIVO
Nombre corporativo o de jurisdicción como elemento de entrada Universidad Nacional de Colombia (Bogotá)
Unidad subordinada Instituto de Ciencias Naturales
942 ## - ELEMENTOS ADICIONALES (KOHA)
Sistema de clasificación Dewey Decimal Classification
Tipo de ítem Libro
Koha issues (borrowed), all copies 3
Existencias
Withdrawn status Lost status Sistema de Clasificación Damaged status No para préstamo Colección Inventariado Ubicación Permanente Ubicación actual Fecha de adquisición Fuente de Valor Valor Total Checkouts Número topográfico Inventario / Código de Barras Date last seen Date checked out Ejemplar Price effective from Forma de adquisición Tipo de material
    Dewey Decimal Classification     General Inventariado 2017 Bogotá Bogotá 30/08/2014 Instituto 39000.00 4 LB-574.52 C718c 038290 03/05/2018 03/05/2018 V. 13 Ej. 1 30/08/2014 Canje Libro